000 00297nam a22001337a 4500
008 181122b xxu||||| |||| 00| 0 eng d
020 _a9780415263832
041 _aeng
080 _a316
100 _a50
101 _aSOC
245 _aUnderstnading Jpanese Society
_cJoy.H
942 _2udc
_cBK
999 _c52422
_d52422